|
|
|
|
| LEADER |
00000nam a2200000 a 4500 |
| 001 |
vtls001278855 |
| 003 |
SK-MaSNL |
| 005 |
20260301234757.0 |
| 008 |
240314s1987 xx 0 und |
| 035 |
|
|
|a SNK000230186
|
| 040 |
|
|
|a SNK
|b slo
|c SNK
|e AACR2
|
| 100 |
1 |
|
|a Hlaváček, Otakar
|4 aut
|9 631191
|
| 245 |
1 |
0 |
|a Confronto Sull ediliza e sul Modo di Abitare in Cecoslovacchia
|
| 260 |
|
|
|a Praha
|b Orbis
|c 1987
|
| 300 |
|
|
|a 245 s.
|
| 958 |
|
|
|a OND
|
| 999 |
|
|
|c 971813
|d 973743
|
| 952 |
|
|
|t P60, <04>, [BOOK], {604}
|a SNK
|b SNK
|y VYP
|7 0
|p 17A0051417
|o snkSC 74988 D1
|0 0
|1 0
|4 0
|d 1997-03-05
|l 0
|r 2005-01-02 00:00:00
|w 2026-02-24
|
| 952 |
|
|
|a SNK
|b SNK
|y PREZ
|7 0
|p 17A0997551
|o snkSC 74988
|0 0
|1 0
|4 0
|d 2012-09-29
|l 0
|r 2025-07-31 00:00:00
|w 2026-02-24
|